000 00623nam a22002177a 4500
003 UA-OsUOA
001 112703
007 ta
008 20150721b un ||||| |||| 00| 0 ukr d
100 _aКрутілов В.В.
090 _a902
_bК84
942 _cSA
040 _aUA-OsUOA
_bukr
_cUA-OsUOA
_dUA-OsUOA
245 _aКерамічні печі з Борисфена середини VІ ст. до н.е
300 _aС.116-125
955 _a0
041 _aukr
080 _a902
773 0 _w112693
_tАрхеологія
_dК.
_d2015
_g2
650 7 _a9 Географія. Біографії. Історія
_2UDC
999 _c398647
_d398647